مكتبة جامعة عجلون الوطنية

فهرس بحث المكتبة

Normal view MARC view
  • محاكم النقض والإبرام -- الأردن -- الأردن. محكمة التمييز -- مجلة نقابة المحاميين (عمان، الأردن)

Entry Topical Term

Number of records used in: 1

001 - CONTROL NUMBER

  • control field: 46626

003 - CONTROL NUMBER IDENTIFIER

  • control field: JO-AjAnu

005 - DATE AND TIME OF LATEST TRANSACTION

  • control field: 20230606081714.0

008 - FIXED-LENGTH DATA ELEMENTS

  • fixed length control field: 230606|| aca||aabn | a|a d

040 ## - CATALOGING SOURCE

  • Original cataloging agency: JO-AjAnu
  • Transcribing agency: JO-AjAnu

150 ## - HEADING--TOPICAL TERM

  • Topical term or geographic name entry element: محاكم النقض والإبرام -- الأردن -- الأردن. محكمة التمييز -- مجلة نقابة المحاميين (عمان، الأردن)

670 ## - SOURCE DATA FOUND

  • Source citation: Work cat.: (JO-AjAnu)23866: أعداد مزاوي ، منير ، سالم ، توفيق , author 46625, المبادئ القانونية لمحكمة التمييز في القضايا الحقوقية المنشورة في مجلة نقابة المحامين منذ سنة 1981 حتى نهاية سنة 1985، الجزء الخامس - القسم الثاني (خ - ي )